000 00717cam a22002172 4500
001 0000019511
005 20151021151134.0
008 110105s xx 000 0 eng d
020 _a0324322422 :
040 _aKABU
_cKABU
100 1 _aNelson, Debra L.
_@0000179244
245 1 0 _aOrganizational behavior :
_bfoundations, realities & challenges /
_cDebra L. Nelson, James Campbell Quick.
250 _a5th ed.
260 _aMason, OH :
_bThomson,
_c2006.
300 _a1 v. (various pagings) ;
650 0 _aOrganizational behavior.
_@0000150790
700 1 _aQuick, James Campbell.
_@0000179245
852 1 _9p4390 KES
908 _a110105
950 _@1
999 _c1100
_d1100